000 00853nam a2200253Ia 4500
003 OSt
005 20220923211332.0
006 a|||||r|||| 00| 0
007 ta
008 Pun
020 _a9788182991668 (hbk)
_c395
024 _a240,223
037 _b7501/2, 19/11/2009, Arsee Publishers
_cTextual
040 _aARTS
_cARTS
_bPun
041 _2Pun
_aPun
082 _aO153,1NNO:g, P9
100 _aਸੈਖ਼ੀ, ਦੇਵਿੰਦਰ
_9156279
245 0 _aਸੁਤਿੰਦਰ ਸਿੰਘ ਨੂਰ ਸਿਧਾਂਤ ਤੇ ਸਮੀਖਿਆ
260 _aਦਿੱਲੀ
_b ਆਰਸੀ
_c2009
300 _a349ਪੰ
_ccm.
650 _aਪੰਜਾਬੀ ਸਾਹਿਤ
942 _hO153,1NNO:g, P9
_cTEXL
_2CC
999 _c298580
_d298580